Landside access to U.S. ports
সংরক্ষণ করুন:
| সংস্থা লেখক: | |
|---|---|
| বিন্যাস: | গ্রন্থ |
| ভাষা: | ইংরেজি |
| প্রকাশিত: |
Washington, D.C
National Academy of Sciences
1993
|
| বিষয়গুলি: | |
| ট্যাগগুলো: |
ট্যাগ যুক্ত করুন
কোনো ট্যাগ নেই, প্রথমজন হিসাবে ট্যাগ করুন!
|
MARC
| LEADER | 00000nam a2200000 a 4500 | ||
|---|---|---|---|
| 001 | UCZ4381 | ||
| 003 | CL-VaPUC | ||
| 008 | 951109e19930000US |||||||||||||||||eng|d | ||
| 082 | 0 | 4 | |a 387.1 |b COM |2 21 |
| 110 | 2 | |a Committee for study on landside access to port |e author |9 348394 | |
| 245 | 1 | 0 | |a Landside access to U.S. ports |
| 300 | |a 198 p | ||
| 942 | |c BK | ||
| 945 | |d 19951109 00:00:00 |a rbrito | ||
| 260 | |a Washington, D.C |b National Academy of Sciences |c 1993 | ||
| 650 | 0 | |a Tráfico marítimo |9 348395 | |
| 650 | 0 | |a Transporte marítimo |9 260127 | |
| 650 | 0 | |a Puertos |9 260105 | |
| 650 | 7 | |a INSTALACIONES PORTUARIAS |2 CL-VaPUC |9 335397 | |
| 650 | 7 | |a INGENIERIA PORTUARIA Y COSTERA |2 CL-VaPUC |9 346620 | |
| 650 | 7 | |a INFRAESTRUCTURA DE TRANSPORTE |2 CL-VaPUC |9 335398 | |
| 583 | |a last modification |c 19951109 00:00:00 |k Rodrigo Vera | ||
| 999 | |c 240782 |d 240780 | ||
| 952 | |0 0 |1 0 |4 0 |6 387_100000000000000_COM_1993 |7 0 |8 A |9 252812 |a BIBING |b BIBING |d 2019-11-18 |i 3147819 |o 387.1 COM 1993 |p 3147819 |r 2025-01-20 |w 2019-11-18 |y BK |k TRA | ||